[Event "PokerStars Masters 2nd"]
[Site "Douglas"]
[Date "2015.10.09"]
[Round "7.18"]
[White "Basso, Pier Luigi"]
[Black "Illingworth, Max"]
[Result "1-0"]
[WhiteElo "2428"]
[BlackElo "2517"]
[PlyCount "97"]
[EventDate "2015.10.03"]
[EventType "swiss"]
[EventRounds "9"]
[EventCountry "IOM"]
[SourceTitle "twic1065-1099"]
[Source "Mark Crowther"]
[SourceDate "2015.12.04"]
[SourceVersion "1"]
[SourceVersionDate "2015.12.04"]
[SourceQuality "1"]

1. d4 Nf6 2. c4 g6 3. Nc3 d5 4. Bf4 Bg7 5. e3 c5 6. dxc5 Qa5 7. Rc1 dxc4 8.
Bxc4 O-O 9. Nge2 Nc6 10. O-O Qxc5 11. Nb5 Be6 12. Bd3 Qb4 13. Nc7 Bxa2 14. Nxa8
Rxa8 15. Qc2 Rd8 16. Nd4 Nxd4 17. exd4 Qxd4 18. Be3 Qe5 19. h3 Nd5 20. Bd2 Qd6
21. Ra1 Nb6 22. Rxa2 Qxd3 23. Qxd3 Rxd3 24. Be3 Nd5 25. Rxa7 Nxe3 26. Ra8+ Bf8
27. fxe3 e6 28. Rc8 Rd7 29. Rfc1 Kg7 30. R8c7 Rxc7 31. Rxc7 b6 32. Kf2 Bc5 33.
Ke2 g5 34. Kd3 h5 35. Rxc5 bxc5 36. Kc4 g4 37. hxg4 hxg4 38. Kxc5 f5 39. Kd6
Kf6 40. b4 e5 41. b5 f4 42. exf4 e4 43. b6 e3 44. b7 e2 45. b8=Q e1=Q 46. Qf8+
Kg6 47. Qg8+ Kf6 48. Qg5+ Kf7 49. Qf5+ 1-0

[Event "PokerStars Masters 2nd"]
[Site "Douglas"]
[Date "2015.10.09"]
[Round "7.19"]
[White "Kobo, Ori"]
[Black "Vaisser, Anatoli"]
[Result "1/2-1/2"]
[WhiteElo "2427"]
[BlackElo "2515"]
[PlyCount "143"]
[EventDate "2015.10.03"]
[EventType "swiss"]
[EventRounds "9"]
[EventCountry "IOM"]
[SourceTitle "twic1065-1099"]
[Source "Mark Crowther"]
[SourceDate "2015.12.04"]
[SourceVersion "1"]
[SourceVersionDate "2015.12.04"]
[SourceQuality "1"]

1. d4 Nf6 2. c4 c5 3. d5 b5 4. Nf3 b4 5. a3 g6 6. Nbd2 Bg7 7. e4 O-O 8. Bd3 d6
9. O-O Nbd7 10. axb4 cxb4 11. Nb3 Qc7 12. Bd2 Nc5 13. Nxc5 Qxc5 14. Qa4 Nd7 15.
Bxb4 Qb6 16. Rfb1 Rb8 17. Ba3 a5 18. Ra2 Bc3 19. Qd1 Bb4 20. Bxb4 axb4 21. b3
e5 22. dxe6 fxe6 23. Rd2 Qc5 24. Ra1 e5 25. Ne1 Nf6 26. Nc2 Ng4 27. Qe1 Rb7 28.
Ne3 Nxe3 29. Qxe3 Qxe3 30. fxe3 Kf7 31. Rf2+ Ke7 32. Rxf8 Kxf8 33. Ra8 Rc7 34.
Rb8 Ke7 35. Rxb4 Ra7 36. h3 Kd7 37. Rb6 Ra1+ 38. Kf2 Ra2+ 39. Kf3 Rd2 40. Bf1
Kc7 41. Rb5 Bb7 42. Ra5 Rb2 43. c5 Rxb3 44. Bc4 Rb4 45. Bd5 dxc5 46. Rxc5+ Kd6
47. Ra5 Rb2 48. Ra7 Bxd5 49. exd5 Kxd5 50. Rd7+ Ke6 51. Rxh7 e4+ 52. Kg3 Re2
53. Rg7 Kf6 54. Rc7 Rxe3+ 55. Kf4 Ra3 56. Rc6+ Kg7 57. Kxe4 Ra4+ 58. Kf3 Ra3+
59. Kf2 Ra2+ 60. Kg3 Ra3+ 61. Kh2 g5 62. Re6 Rb3 63. Re4 Kg6 64. Kg1 Rb2 65.
Kf1 Ra2 66. Re2 Ra3 67. Kf2 g4 68. hxg4 Kg5 69. Re3 Rxe3 70. Kxe3 Kxg4 71. g3
Kxg3 72. Ke4 1/2-1/2

[Event "PokerStars Masters 2nd"]
[Site "Douglas"]
[Date "2015.10.09"]
[Round "7.20"]
[White "Houska, Jovanka"]
[Black "Arkell, Keith C"]
[Result "0-1"]
[WhiteElo "2372"]
[BlackElo "2505"]
[PlyCount "92"]
[EventDate "2015.10.03"]
[EventType "swiss"]
[EventRounds "9"]
[EventCountry "IOM"]
[SourceTitle "twic1065-1099"]
[Source "Mark Crowther"]
[SourceDate "2015.12.04"]
[SourceVersion "1"]
[SourceVersionDate "2015.12.04"]
[SourceQuality "1"]

1. d4 d5 2. Nf3 Nf6 3. c4 c6 4. Nc3 g6 5. e3 Bg7 6. Be2 O-O 7. O-O Bg4 8. b3
Ne4 9. Bb2 Nxc3 10. Bxc3 Nd7 11. h3 Bxf3 12. Bxf3 e6 13. Bb4 Re8 14. Rc1 Nf6
15. a4 a5 16. Bc3 Ne4 17. Bxe4 dxe4 18. Qc2 f5 19. Rfd1 Re7 20. b4 axb4 21.
Bxb4 Rd7 22. a5 Qf6 23. Rb1 h5 24. Rb3 h4 25. Bc3 Qf7 26. Rdb1 Rc8 27. Rb6 Rcc7
28. a6 bxa6 29. Rxa6 e5 30. dxe5 Qxc4 31. Ra4 Qe6 32. Ra6 Qc4 33. Ra4 Qd3 34.
Qb3+ Kh7 35. Rd4 Rxd4 36. Bxd4 Qxb3 37. Rxb3 c5 38. Rc3 Bf8 39. f3 g5 40. fxe4
fxe4 41. Rc4 Kg6 42. Bc3 Kf5 43. Kf2 Ra7 44. e6 Ra2+ 45. Kf1 Rc2 46. Ke1 Bd6
0-1

[Event "PokerStars Masters 2nd"]
[Site "Douglas"]
[Date "2015.10.09"]
[Round "7.21"]
[White "Gormally, Daniel"]
[Black "Koop, Thorben"]
[Result "1/2-1/2"]
[WhiteElo "2500"]
[BlackElo "2407"]
[PlyCount "38"]
[EventDate "2015.10.03"]
[EventType "swiss"]
[EventRounds "9"]
[EventCountry "IOM"]
[SourceTitle "twic1065-1099"]
[Source "Mark Crowther"]
[SourceDate "2015.12.04"]
[SourceVersion "1"]
[SourceVersionDate "2015.12.04"]
[SourceQuality "1"]

1. d4 Nf6 2. c4 c5 3. d5 b5 4. cxb5 a6 5. bxa6 g6 6. Nc3 Bg7 7. e4 O-O 8. Nf3
Qa5 9. Bd3 Nxd5 10. exd5 Bxc3+ 11. Nd2 Bg7 12. O-O Bxa6 13. Nc4 Qc7 14. d6 exd6
15. Bf4 Be5 16. Bh6 Bg7 17. Bf4 Be5 18. Bh6 Bg7 19. Bf4 Be5 1/2-1/2

[Event "PokerStars Masters 2nd"]
[Site "Douglas"]
[Date "2015.10.09"]
[Round "7.22"]
[White "Sundararajan, Kidambi"]
[Black "Ansell, Simon"]
[Result "1-0"]
[WhiteElo "2497"]
[BlackElo "2360"]
[PlyCount "57"]
[EventDate "2015.10.03"]
[EventType "swiss"]
[EventRounds "9"]
[EventCountry "IOM"]
[SourceTitle "twic1065-1099"]
[Source "Mark Crowther"]
[SourceDate "2015.12.04"]
[SourceVersion "1"]
[SourceVersionDate "2015.12.04"]
[SourceQuality "1"]

1. c4 e5 2. Nc3 Nc6 3. Nf3 f5 4. d4 e4 5. Ng1 Bb4 6. Bf4 Nf6 7. e3 Bxc3+ 8.
bxc3 d6 9. h4 Qe7 10. Rb1 Nd8 11. Nh3 Be6 12. Be2 b6 13. Bg3 Bf7 14. Nf4 c6 15.
Qa4 O-O 16. Rxb6 axb6 17. Qxa8 h6 18. h5 c5 19. Qa6 Qb7 20. Qb5 Qc6 21. Ng6
Bxg6 22. hxg6 Qxb5 23. cxb5 Nb7 24. dxc5 bxc5 25. O-O Ra8 26. Rd1 d5 27. Be5
Rxa2 28. Bxf6 gxf6 29. Bf1 1-0

[Event "PokerStars Masters 2nd"]
[Site "Douglas"]
[Date "2015.10.09"]
[Round "7.23"]
[White "Gara, Ticia"]
[Black "Tarjan, James Edward"]
[Result "0-1"]
[WhiteElo "2370"]
[BlackElo "2479"]
[PlyCount "148"]
[EventDate "2015.10.03"]
[EventType "swiss"]
[EventRounds "9"]
[EventCountry "IOM"]
[SourceTitle "twic1065-1099"]
[Source "Mark Crowther"]
[SourceDate "2015.12.04"]
[SourceVersion "1"]
[SourceVersionDate "2015.12.04"]
[SourceQuality "1"]

1. e4 e5 2. Nf3 Nc6 3. Bb5 a6 4. Ba4 Nf6 5. d3 d6 6. c3 g6 7. O-O Bg7 8. Nbd2
O-O 9. Re1 Nh5 10. Nf1 Kh8 11. Bg5 Qe8 12. d4 h6 13. Be3 Bd7 14. dxe5 dxe5 15.
Qd2 Kh7 16. Bc5 Rg8 17. Ne3 b6 18. Ba3 Nf4 19. Nd5 Ne6 20. Bxc6 Bxc6 21. Ne7
Rd8 22. Qe2 Rh8 23. Nxc6 Qxc6 24. Qxa6 Rd7 25. g3 Rhd8 26. Qe2 Qa4 27. Rac1 Rd3
28. Nd4 exd4 29. Qxd3 dxc3 30. Qc2 Qa8 31. Red1 Nd4 32. Qd3 c5 33. bxc3 Ne6 34.
Qf3 Ng5 35. Qg4 Qxa3 36. h4 Ne6 37. h5 Ng5 38. hxg6+ fxg6 39. Rxd8 Qxc1+ 40.
Kg2 Qxc3 41. Rd6 b5 42. Qe2 Qe5 43. Rd5 Qe7 44. f3 b4 45. Qc4 Qf6 46. Qe2 Ne6
47. e5 Qf5 48. Qd3 Qxd3 49. Rxd3 Nd4 50. f4 h5 51. Kf2 Kg8 52. Ke3 Kf7 53. Ke4
Ke6 54. g4 hxg4 55. Rg3 Nf5 56. Rxg4 Ne7 57. Rg1 Bf8 58. Rg2 c4 59. Kd4 c3 60.
Ke4 Kf7 61. Kd3 Nf5 62. Rh2 Ke6 63. Rh8 Kf7 64. Rh7+ Ng7 65. Rh2 Ne6 66. Ke4
Bc5 67. Rh7+ Ke8 68. Rh1 Kd7 69. Rf1 Nd4 70. Kd3 Kc6 71. Rg1 Kd5 72. Rxg6 c2
73. Kd2 b3 74. axb3 Bb4+ 0-1

[Event "PokerStars Masters 2nd"]
[Site "Douglas"]
[Date "2015.10.09"]
[Round "7.24"]
[White "Afek, Yochanan"]
[Black "Vishnu, Prasanna V"]
[Result "0-1"]
[WhiteElo "2252"]
[BlackElo "2503"]
[PlyCount "56"]
[EventDate "2015.10.03"]
[EventType "swiss"]
[EventRounds "9"]
[EventCountry "IOM"]
[SourceTitle "twic1065-1099"]
[Source "Mark Crowther"]
[SourceDate "2015.12.04"]
[SourceVersion "1"]
[SourceVersionDate "2015.12.04"]
[SourceQuality "1"]

1. e4 c5 2. Nc3 d6 3. Nf3 a6 4. d4 cxd4 5. Nxd4 Nf6 6. Be3 Ng4 7. Bc1 Nf6 8.
Be3 e5 9. Nb3 Be6 10. Be2 Be7 11. O-O O-O 12. Qd2 Nbd7 13. Rad1 Rc8 14. f3 Qc7
15. Rc1 Nb6 16. Rfd1 d5 17. exd5 Nbxd5 18. Nxd5 Nxd5 19. Bf2 Nb4 20. a3 Na2 21.
Rb1 Qxc2 22. Na5 Qc7 23. Ra1 b6 24. Nc4 Rfd8 25. Qc2 Rxd1+ 26. Qxd1 Bxc4 27.
Bxc4 Qxc4 28. Be3 Bc5 0-1

[Event "PokerStars Masters 2nd"]
[Site "Douglas"]
[Date "2015.10.09"]
[Round "7.25"]
[White "Klein, Felix"]
[Black "Neelotpal, Das"]
[Result "1/2-1/2"]
[WhiteElo "2306"]
[BlackElo "2465"]
[PlyCount "77"]
[EventDate "2015.10.03"]
[EventType "swiss"]
[EventRounds "9"]
[EventCountry "IOM"]
[SourceTitle "twic1065-1099"]
[Source "Mark Crowther"]
[SourceDate "2015.12.04"]
[SourceVersion "1"]
[SourceVersionDate "2015.12.04"]
[SourceQuality "1"]

1. e4 e5 2. Nf3 Nc6 3. Bb5 a6 4. Ba4 Nf6 5. O-O Be7 6. Re1 b5 7. Bb3 O-O 8. a4
Bb7 9. d3 d6 10. Nbd2 Nb8 11. axb5 axb5 12. Rxa8 Bxa8 13. Nf1 Nbd7 14. Ng3 Nc5
15. Ba2 Bb7 16. Nf5 Bc8 17. Nxe7+ Qxe7 18. b4 Be6 19. Bb1 Na4 20. Bd2 Ra8 21.
c3 h6 22. h3 Nd7 23. d4 Bc4 24. Nh2 Nf8 25. Ng4 Ng6 26. Qf3 Nb6 27. d5 Ra1 28.
Ne3 Nh4 29. Qg4 Qg5 30. Qxg5 hxg5 31. Nxc4 Nxc4 32. Bxg5 Nxg2 33. Kxg2 f6 34.
Bxf6 gxf6 35. Rg1 Ra3 36. Rc1 Ra1 37. Rg1 Ra3 38. Rc1 Ra1 39. Rg1 1/2-1/2

[Event "PokerStars Masters 2nd"]
[Site "Douglas"]
[Date "2015.10.09"]
[Round "7.26"]
[White "Nakar, Eylon"]
[Black "Satyapragyan, Swayangsu"]
[Result "1-0"]
[WhiteElo "2463"]
[BlackElo "2416"]
[PlyCount "87"]
[EventDate "2015.10.03"]
[EventType "swiss"]
[EventRounds "9"]
[EventCountry "IOM"]
[SourceTitle "twic1065-1099"]
[Source "Mark Crowther"]
[SourceDate "2015.12.04"]
[SourceVersion "1"]
[SourceVersionDate "2015.12.04"]
[SourceQuality "1"]

1. e4 e6 2. d4 d5 3. Nd2 a6 4. Ngf3 c5 5. exd5 exd5 6. Be2 Nc6 7. O-O Nf6 8.
Re1 Be6 9. dxc5 Bxc5 10. Nb3 Bb6 11. Nfd4 O-O 12. Bf3 Qd6 13. g3 Bh3 14. Bf4
Qd7 15. Nxc6 bxc6 16. Be3 Bxe3 17. Rxe3 Rfe8 18. Qd2 Rxe3 19. Qxe3 Re8 20. Qd3
Ng4 21. Bxg4 Qxg4 22. f3 Qg5 23. Kf2 h5 24. Qd2 Qf5 25. c3 a5 26. Nd4 Qf6 27.
Re1 Rb8 28. b4 axb4 29. cxb4 Qd6 30. Rb1 Re8 31. Rc1 Bd7 32. a3 h4 33. Re1
hxg3+ 34. hxg3 Ra8 35. Qc1 Qf6 36. Qe3 Qd6 37. Qe7 Qh6 38. Qxd7 Qh2+ 39. Kf1
Qh1+ 40. Kf2 Qh2+ 41. Kf1 Qh1+ 42. Ke2 Qg2+ 43. Kd1 Rf8 44. Re8 1-0

[Event "PokerStars Masters 2nd"]
[Site "Douglas"]
[Date "2015.10.09"]
[Round "7.27"]
[White "Cherniaev, Alexander"]
[Black "Berry, Neil"]
[Result "1-0"]
[WhiteElo "2458"]
[BlackElo "2355"]
[PlyCount "93"]
[EventDate "2015.10.03"]
[EventType "swiss"]
[EventRounds "9"]
[EventCountry "IOM"]
[SourceTitle "twic1065-1099"]
[Source "Mark Crowther"]
[SourceDate "2015.12.04"]
[SourceVersion "1"]
[SourceVersionDate "2015.12.04"]
[SourceQuality "1"]

1. Nf3 d5 2. c4 e6 3. g3 Nf6 4. Bg2 Be7 5. O-O O-O 6. d4 dxc4 7. Qc2 a6 8. Qxc4
b5 9. Qc2 Bb7 10. Bd2 Be4 11. Qc1 c6 12. a4 Nbd7 13. Nc3 Bg6 14. Nh4 Bh5 15.
Re1 Nd5 16. Nf3 Rc8 17. axb5 axb5 18. Qd1 b4 19. Na4 c5 20. dxc5 Nxc5 21. Nxc5
Bxc5 22. Ne5 Nb6 23. Bf4 Qxd1 24. Raxd1 Rfd8 25. Rxd8+ Rxd8 26. Nd3 Bd6 27.
Bxd6 Rxd6 28. Bf1 Bg6 29. e4 Rd4 30. f3 f5 31. exf5 Bxf5 32. Nc5 Rd2 33. g4 Bg6
34. Rxe6 Nd7 35. Nxd7 Rxd7 36. Bb5 Rd1+ 37. Kf2 Bf7 38. Rb6 g6 39. Be2 Rh1 40.
Kg2 Re1 41. Kf2 Rh1 42. Bf1 Rxh2+ 43. Bg2 b3 44. Kg3 Rh6 45. f4 Kg7 46. g5 Rh5
47. Bf3 1-0

[Event "PokerStars Masters 2nd"]
[Site "Douglas"]
[Date "2015.10.09"]
[Round "7.28"]
[White "Pert, Richard G"]
[Black "Kolbus, Dietmar"]
[Result "1/2-1/2"]
[WhiteElo "2450"]
[BlackElo "2300"]
[PlyCount "75"]
[EventDate "2015.10.03"]
[EventType "swiss"]
[EventRounds "9"]
[EventCountry "IOM"]
[SourceTitle "twic1065-1099"]
[Source "Mark Crowther"]
[SourceDate "2015.12.04"]
[SourceVersion "1"]
[SourceVersionDate "2015.12.04"]
[SourceQuality "1"]

1. d4 Nf6 2. Bg5 e6 3. Nf3 Be7 4. Nbd2 d5 5. e3 b6 6. Ne5 O-O 7. Bd3 Nfd7 8.
Bf4 Nxe5 9. Bxe5 Nd7 10. Bg3 Bb7 11. c3 c5 12. Nf3 c4 13. Bc2 b5 14. O-O Bc6
15. Qe2 a6 16. a3 Re8 17. Ne5 Nxe5 18. Bxe5 Bf8 19. Qh5 g6 20. Qg4 f6 21. Bg3
Bg7 22. h4 Qe7 23. h5 f5 24. Qe2 Bf6 25. f3 Qd7 26. Rae1 a5 27. Qf2 g5 28. Bh2
Rf8 29. Qd2 h6 30. e4 Rae8 31. exf5 exf5 32. Be5 f4 33. Bg6 Re7 34. Bxf6 Rxf6
35. Kf2 Qd6 36. Bb1 Be8 37. Rxe7 Qxe7 38. Re1 1/2-1/2

[Event "PokerStars Masters 2nd"]
[Site "Douglas"]
[Date "2015.10.09"]
[Round "7.29"]
[White "Vuilleumier, Alexandre"]
[Black "Tate, Alan"]
[Result "1/2-1/2"]
[WhiteElo "2345"]
[BlackElo "2341"]
[PlyCount "78"]
[EventDate "2015.10.03"]
[EventType "swiss"]
[EventRounds "9"]
[EventCountry "IOM"]
[SourceTitle "twic1065-1099"]
[Source "Mark Crowther"]
[SourceDate "2015.12.04"]
[SourceVersion "1"]
[SourceVersionDate "2015.12.04"]
[SourceQuality "1"]

1. e4 e5 2. Nf3 Nc6 3. d4 exd4 4. Nxd4 Nf6 5. Nxc6 bxc6 6. e5 Qe7 7. Qe2 Nd5 8.
c4 Nb6 9. Nc3 Qe6 10. Qe4 g6 11. Bf4 Bg7 12. O-O-O Bb7 13. c5 Nd5 14. Bc4 Nxc3
15. bxc3 Qe7 16. h4 O-O-O 17. Rd6 Rde8 18. Qd4 cxd6 19. cxd6 Bxe5 20. dxe7 Bxd4
21. cxd4 d5 22. Bd3 Rxe7 23. h5 Rhe8 24. Kd2 Re6 25. hxg6 hxg6 26. Rh7 Rf6 27.
Bg3 Kd7 28. f3 c5 29. Be5 Rxe5 30. dxe5 Rb6 31. Rxf7+ Ke6 32. Rc7 c4 33. Bxg6
Kxe5 34. Bc2 Kf4 35. Kc3 a5 36. Rf7+ Ke3 37. Re7+ Kf4 38. Rf7+ Ke3 39. Re7+ Kf4
1/2-1/2

[Event "PokerStars Masters 2nd"]
[Site "Douglas"]
[Date "2015.10.09"]
[Round "7.30"]
[White "Allen, Keith"]
[Black "Hebden, Mark"]
[Result "1/2-1/2"]
[WhiteElo "2210"]
[BlackElo "2490"]
[PlyCount "212"]
[EventDate "2015.10.03"]
[EventType "swiss"]
[EventRounds "9"]
[EventCountry "IOM"]
[SourceTitle "twic1065-1099"]
[Source "Mark Crowther"]
[SourceDate "2015.12.04"]
[SourceVersion "1"]
[SourceVersionDate "2015.12.04"]
[SourceQuality "1"]

1. d4 Nf6 2. c4 g6 3. g3 Bg7 4. Bg2 O-O 5. Nf3 d6 6. Nc3 Nc6 7. O-O Rb8 8. h3
a6 9. e4 b5 10. cxb5 axb5 11. Re1 e6 12. a4 bxa4 13. Rxa4 Nb4 14. Be3 Bd7 15.
Ra3 Bc6 16. Bg5 h6 17. Bc1 Ba8 18. Nh2 Nd7 19. Na2 Nxa2 20. Rxa2 c5 21. d5 exd5
22. exd5 Rb4 23. Ra4 Qb6 24. Re7 Nf6 25. Rea7 Bb7 26. Rxb4 Qxb4 27. Nf1 Re8 28.
Ne3 h5 29. Ra4 Qb5 30. b3 Rb8 31. Nc4 Ne8 32. Bf4 Bf8 33. Ra5 Qd7 34. Qd3 Nc7
35. Ra2 Ba6 36. Qd1 Bxc4 37. bxc4 Qf5 38. Kh2 Ne8 39. Qc2 Qf6 40. h4 Bg7 41.
Qe4 Qd8 42. Bg5 Nf6 43. Bxf6 Qxf6 44. Bf1 Qc3 45. Qd3 Qc1 46. Kg2 Be5 47. Qd2
Qxd2 48. Rxd2 Kg7 49. Bd3 Bd4 50. Ra2 Rb3 51. Be2 Kf6 52. Ra7 Rb2 53. Kf1 Rb1+
54. Kg2 Re1 55. Bf1 Be5 56. Rd7 Ra1 57. Be2 Ra6 58. Kf1 Kg7 59. Kg2 Kf8 60. Kf1
Ra1+ 61. Kg2 Re1 62. Bf1 f5 63. Rb7 f4 64. gxf4 Bxf4 65. Bd3 g5 66. Rh7 Rd1 67.
Be2 Rd2 68. Kf1 Kg8 69. Rxh5 Kg7 70. hxg5 Kg6 71. Rh6+ Kxg5 72. Rh3 Be5 73.
Rh5+ Kf4 74. Rh4+ Kf5 75. Ke1 Ra2 76. Bd3+ Kg5 77. Re4 Bf4 78. Kf1 Rd2 79. Be2
Be5 80. f3 Bf4 81. Kf2 Ra2 82. Kg2 Be5 83. Kf2 Ra3 84. Kg2 Kf5 85. Kf2 Bd4+ 86.
Kg3 Be3 87. Kg2 Bf4 88. Kf2 Kg5 89. Kg2 Ra8 90. Bd3 Rh8 91. Be2 Rh2+ 92. Kg1
Rh8 93. Kg2 Rf8 94. Kf2 Kh4 95. Kg2 Rg8+ 96. Kf2 Kg5 97. Kg2 Rb8 98. Kf2 Rb1
99. Kg2 Be5 100. Kf2 Bf4 101. Kg2 Rb7 102. Kf2 Rf7 103. Kg2 Be5 104. Kf2 Rf5
105. Kg2 Kf6 106. Kf2 Rf4 1/2-1/2

[Event "PokerStars Masters 2nd"]
[Site "Douglas"]
[Date "2015.10.10"]
[Round "8.5"]
[White "Grandelius, Nils"]
[Black "Naiditsch, Arkadij"]
[Result "0-1"]
[WhiteElo "2647"]
[BlackElo "2682"]
[PlyCount "58"]
[EventDate "2015.10.03"]
[EventType "swiss"]
[EventRounds "9"]
[EventCountry "IOM"]
[SourceTitle "twic1065-1099"]
[Source "Mark Crowther"]
[SourceDate "2015.12.04"]
[SourceVersion "1"]
[SourceVersionDate "2015.12.04"]
[SourceQuality "1"]

1. e4 e5 2. Nf3 Nc6 3. Bb5 Nf6 4. d3 d6 5. O-O Be7 6. Re1 O-O 7. c3 a6 8. Ba4
Nd7 9. Be3 f5 10. exf5 Rxf5 11. Bb3+ Kh8 12. Nbd2 Rf8 13. d4 exd4 14. Nxd4 Nxd4
15. Bxd4 c5 16. Be3 Ne5 17. Ne4 c4 18. Bc2 Bf5 19. Qd5 Qe8 20. Bf4 Qc6 21. Qd2
Ng6 22. Bg5 Rae8 23. Rad1 Bxg5 24. Nxg5 Nh4 25. f3 Bxc2 26. Rxe8 Rxe8 27. Nf7+
Kg8 28. Qxc2 Kxf7 29. Qxh7 Qc5+ 0-1

[Event "PokerStars Masters 2nd"]
[Site "Douglas"]
[Date "2015.10.10"]
[Round "8.6"]
[White "Melkumyan, Hrant"]
[Black "Movsesian, Sergei"]
[Result "1/2-1/2"]
[WhiteElo "2622"]
[BlackElo "2658"]
[PlyCount "67"]
[EventDate "2015.10.03"]
[EventType "swiss"]
[EventRounds "9"]
[EventCountry "IOM"]
[SourceTitle "twic1065-1099"]
[Source "Mark Crowther"]
[SourceDate "2015.12.04"]
[SourceVersion "1"]
[SourceVersionDate "2015.12.04"]
[SourceQuality "1"]

1. d4 Nf6 2. c4 e6 3. Nf3 d5 4. Nc3 Bb4 5. Bg5 h6 6. Bxf6 Qxf6 7. e3 O-O 8. Be2
dxc4 9. O-O Bxc3 10. bxc3 b6 11. Bxc4 Bb7 12. a4 Nd7 13. a5 Bxf3 14. Qxf3 Qxf3
15. gxf3 c6 16. Rfb1 b5 17. Be2 a6 18. c4 Nf6 19. Rc1 Rfc8 20. Ra2 Ne8 21. Rac2
Nd6 22. Kg2 Kf8 23. f4 g6 24. Kf3 Ke7 25. Bd3 Rab8 26. h3 Nxc4 27. Bxc4 bxc4
28. Rxc4 Rb5 29. Rxc6 Rxc6 30. Rxc6 Rxa5 31. Rc7+ Ke8 32. Ra7 Ra2 33. Ra8+ Kd7
34. Ra7+ 1/2-1/2

[Event "PokerStars Masters 2nd"]
[Site "Douglas"]
[Date "2015.10.10"]
[Round "8.7"]
[White "Kuzubov, Yuriy"]
[Black "Donchenko, Alexander"]
[Result "1-0"]
[WhiteElo "2641"]
[BlackElo "2577"]
[PlyCount "67"]
[EventDate "2015.10.03"]
[EventType "swiss"]
[EventRounds "9"]
[EventCountry "IOM"]
[SourceTitle "twic1065-1099"]
[Source "Mark Crowther"]
[SourceDate "2015.12.04"]
[SourceVersion "1"]
[SourceVersionDate "2015.12.04"]
[SourceQuality "1"]

1. e4 c5 2. Nf3 d6 3. Bb5+ Nd7 4. O-O a6 5. Bd3 g6 6. c3 Bg7 7. Bc2 b5 8. d4
Bb7 9. Re1 Qc7 10. Nbd2 Rc8 11. Bd3 e6 12. a4 c4 13. Bf1 Ne7 14. b3 O-O 15.
bxc4 bxc4 16. Ba3 Nf6 17. e5 dxe5 18. dxe5 Nfd5 19. Nxc4 Nxc3 20. Qd3 Ncd5 21.
Nd6 Ra8 22. Nd4 Rfb8 23. Rac1 Qd7 24. Nb3 Nf4 25. Qg3 Nh5 26. Qh4 Bc6 27. Nc5
Qd8 28. Nxf7 Kxf7 29. Nxe6 Kxe6 30. Rxc6+ Nxc6 31. Qc4+ Kd7 32. Rd1+ Kc7 33.
Bd6+ Kb6 34. Qc5+ 1-0

[Event "PokerStars Masters 2nd"]
[Site "Douglas"]
[Date "2015.10.10"]
[Round "8.8"]
[White "Jones, Gawain C"]
[Black "Hillarp Persson, Tiger"]
[Result "1/2-1/2"]
[WhiteElo "2623"]
[BlackElo "2546"]
[PlyCount "67"]
[EventDate "2015.10.03"]
[EventType "swiss"]
[EventRounds "9"]
[EventCountry "IOM"]
[SourceTitle "twic1065-1099"]
[Source "Mark Crowther"]
[SourceDate "2015.12.04"]
[SourceVersion "1"]
[SourceVersionDate "2015.12.04"]
[SourceQuality "1"]

1. e4 c5 2. Nf3 d6 3. d4 cxd4 4. Nxd4 Nf6 5. Nc3 a6 6. h3 g6 7. g4 Bg7 8. Bg2
O-O 9. Be3 Bd7 10. Qd2 Nc6 11. O-O-O Rc8 12. f4 Na5 13. b3 Qc7 14. Nd5 Nxd5 15.
exd5 e5 16. dxe6 fxe6 17. f5 exf5 18. gxf5 Rxf5 19. Nxf5 Bxf5 20. Bd5+ Kh8 21.
Rh2 Bxc2 22. Qxc2 Qd7 23. Rf1 Rxc2+ 24. Rxc2 Nc6 25. Rcf2 Qxh3 26. Rf3 Qc8 27.
Kb1 Qe8 28. Bg5 h6 29. Rf7 Qe5 30. Rf8+ Kh7 31. Bg8+ Kh8 32. Bc4+ Kh7 33. Bg8+
Kh8 34. Bc4+ 1/2-1/2

[Event "PokerStars Masters 2nd"]
[Site "Douglas"]
[Date "2015.10.10"]
[Round "8.9"]
[White "Arkell, Keith C"]
[Black "L'Ami, Erwin"]
[Result "0-1"]
[WhiteElo "2505"]
[BlackElo "2619"]
[PlyCount "51"]
[EventDate "2015.10.03"]
[EventType "swiss"]
[EventRounds "9"]
[EventCountry "IOM"]
[SourceTitle "twic1065-1099"]
[Source "Mark Crowther"]
[SourceDate "2015.12.04"]
[SourceVersion "1"]
[SourceVersionDate "2015.12.04"]
[SourceQuality "1"]

1. Nf3 g6 2. c4 Bg7 3. Nc3 f5 4. d4 Nf6 5. Qc2 d6 6. e4 fxe4 7. Nxe4 Nxe4 8.
Qxe4 Nc6 9. Bd2 Bf5 10. Qe3 O-O 11. Bd3 Bxd3 12. Qxd3 e5 13. dxe5 dxe5 14. Qxd8
Raxd8 15. Bc3 e4 16. Bxg7 Kxg7 17. Nd2 Nb4 18. Ke2 Rde8 19. Rhf1 Rf7 20. Rad1
Nd3 21. g3 Nxb2 22. Rb1 Na4 23. Rxb7 Nc3+ 24. Ke3 Rd8 25. Nxe4 Re8 26. Kd4 0-1

[Event "PokerStars Masters 2nd"]
[Site "Douglas"]
[Date "2015.10.10"]
[Round "8.10"]
[White "Tiviakov, Sergei"]
[Black "Zumsande, Martin"]
[Result "1/2-1/2"]
[WhiteElo "2612"]
[BlackElo "2422"]
[PlyCount "118"]
[EventDate "2015.10.03"]
[EventType "swiss"]
[EventRounds "9"]
[EventCountry "IOM"]
[SourceTitle "twic1065-1099"]
[Source "Mark Crowther"]
[SourceDate "2015.12.04"]
[SourceVersion "1"]
[SourceVersionDate "2015.12.04"]
[SourceQuality "1"]

1. e4 e6 2. d4 d5 3. Nd2 Be7 4. c3 c5 5. dxc5 Bxc5 6. Bd3 Nf6 7. Ngf3 Qc7 8.
O-O O-O 9. e5 Ng4 10. Nb3 Bb6 11. Bxh7+ Kxh7 12. Ng5+ Kg8 13. Qxg4 Qxe5 14. Qh3
Qf5 15. Qxf5 exf5 16. Re1 Nc6 17. Be3 Bxe3 18. Rxe3 f4 19. Rd3 f6 20. Nf3 Be6
21. Nfd4 Ne5 22. Rdd1 Bf7 23. Nc5 Rfc8 24. Nd3 Nxd3 25. Rxd3 Re8 26. f3 Re5 27.
Kf2 Rae8 28. a4 a5 29. Rd2 Rc8 30. Nb5 Rc6 31. Rad1 g5 32. Rd4 Kg7 33. g3 fxg3+
34. hxg3 Re8 35. R4d2 Re5 36. g4 Rc4 37. Nd6 Rxa4 38. Nxb7 Ra2 39. Nc5 Re8 40.
Re1 Rc8 41. Nd3 Kf8 42. Nc1 Ra1 43. Nd3 Ra2 44. Ree2 Ra1 45. Ne1 Ra2 46. Nd3
Ra1 47. f4 gxf4 48. Nxf4 Rc4 49. Rd4 Rxd4 50. cxd4 a4 51. Rc2 a3 52. bxa3 Rxa3
53. Rc6 Ke7 54. Rc7+ Kf8 55. Rd7 Ke8 56. Rb7 Kf8 57. Rc7 Ra4 58. Ke3 Ra3+ 59.
Kf2 Ra4 1/2-1/2